000 01206cam a2200349 a 4500
001 16591070
005 20170105102931.0
008 101227s2010 pk b 000 0beng
010 _a 2010344794
020 _a9789694025421
025 _aP-E-2010344794; 20
037 _bLibrary of Congress -- Islamabad Overseas Office
_cRs 1095
040 _aDLC
_cDLC
042 _alcode
_apcc
043 _aa-pk---
_aa-bg---
050 0 0 _aHV40.32.K467
_bI85 2010
082 _a362.578095491
_bISL 2010
245 0 0 _aIslands of hope :
_brecollections of Dr. Akhtar Hameed Khan /
_ccompiled by AHK Resource Centre.
260 _aLahore :
_bVanguard Books,
_c2010.
300 _axiii, 242 p. ;
_c25 cm.
504 _aIncludes bibliographical references (p. [229]-233).
600 1 0 _aKhan, Akhter Hameed.
610 2 0 _aOrangi Pilot Project.
650 0 _aSocial scientists
_zPakistan
_vBiography.
650 0 _aSocial scientists
_zBangladesh
_vBiography.
650 0 _aPoor
_xServices for
_zPakistan.
650 0 _aNon-governmental organizations
_zPakistan.
710 2 _aAHK Resource Centre.
906 _a7
_bcbc
_corigode
_d3
_encip
_f20
_gy-gencatlg
942 _2ddc
_cBK
999 _c16038
_d16038